| 000 | 02503cam a2200385 i 4500 | ||
|---|---|---|---|
| 999 |
_c9379 _d9379 |
||
| 001 | 460060208 | ||
| 003 | OCoLC | ||
| 005 | 20241126110711.0 | ||
| 008 | 091215s2010 miua b 001 0 eng | ||
| 010 | _a2009052484 | ||
| 020 | _a9780801026621 (pbk.) | ||
| 020 | _a0801026628 (pbk.) | ||
| 035 | _a(OCoLC)460060208 | ||
| 040 |
_aDLC _beng _erda _cDLC _dBTCTA _dYDXCP _dEMT _dUKM _dC#P _dBWX _dCDX _dITC _dSGB |
||
| 050 | 0 | 0 |
_aBV2063 _b.O88 2010 |
| 082 | 0 | 0 |
_a266.001 _222 _bOTT |
| 092 |
_a266.001 _bOt8e |
||
| 100 | 1 |
_aOtt, Craig, _d1952- _0https://id.loc.gov/authorities/names/n2006005934 _941 |
|
| 245 | 1 | 0 |
_aEncountering theology of mission : _bbiblical foundations, historical developments, and contemporary issues / _cCraig Ott, Stephen J. Strauss ; with Timothy C. Tennent. |
| 264 | 1 |
_aGrand Rapids, Mich. : _bBaker Academic, _c[2010] |
|
| 264 | 4 | _c℗♭2010 | |
| 300 |
_axxx, 383 pages : _billustrations ; _c23 cm. |
||
| 336 |
_atext _btxt _2rdacontent |
||
| 337 |
_aunmediated _bn _2rdamedia |
||
| 338 |
_avolume _bnc _2rdacarrier |
||
| 490 | 1 | _aEncountering mission | |
| 504 | _aIncludes bibliographical references (p. 339-359) and indexes. | ||
| 505 | 0 | 0 |
_tBiblical foundations of mission. _tGod and the nations in the Old Testament ; _tGod and the nations in the New Testament ; _tThe justification of mission : missio Dei ; _tThe purpose and nature of mission ; _tThe task of missions : convictions and controversy ; _tThe task of missions : convergence and conclusions -- _tMotives and means for mission. _tThe motivation for missions ; _tThe church and mission ; _tThe missionary vocation ; _tSpiritual dynamics and mission -- _tMission in local and global context. _tContextualization and mission ; _tChristian encounter with other religions : toward an evangelical theology of religions ; _tThe necessity of mission : three uncomfortable questions. |
| 520 | _aThe authors discuss biblical theology of mission, provide historical overviews of the development of various viewpoints, and address theologically current issues in global mission from an evangelical perspective. --from publisher description | ||
| 650 | 0 |
_aMissions _xTheory. _0https://id.loc.gov/authorities/subjects/sh85086053 _948 |
|
| 700 | 1 |
_aStrauss, Stephen J., _d1955- _0https://id.loc.gov/authorities/names/n2009079647 _916345 |
|
| 700 | 1 |
_aTennent, Timothy C. _0https://id.loc.gov/authorities/names/no2001011846 _916346 |
|
| 830 | 0 |
_aEncountering mission. _0https://id.loc.gov/authorities/names/n2003105071 _914363 |
|
| 942 |
_2ddc _cBK _03 |
||